00464nam a2200181 a 4500001001300000003000900013005001700022008004100039020001000080082001600090100001300106245004500119260003500164300000900199500003500208650002600243700001300269nice12345678IN_TiNIC20260116011904.0070718s1951 mada grp 000 0 tam  ac10000a297.24bHAZ aHazool,  aQisasul Ambiya Part I, II, III, in Tamil aMadras bHameedia Press c1951 a646p aincludes index and biblioraphy aProphets in the Quran1 aHazool,